Słownik dyalektyczny, czyli Zbiór wyrazów staropolskich i innych w potocznej mówie używanych na Śląsku w Księstwie Cieszyńskiém

Titel: Słownik dyalektyczny, czyli Zbiór wyrazów staropolskich i innych w potocznej mówie używanych na Śląsku w Księstwie Cieszyńskiém / Andrzej Cinciała ; opracowany i uzupełniony z rękopisu autora przez zespół Pracowni Dialektologii Polskiej Instytutu Języka Polskiego PAN pod kierunkiem Barbary Grabki ; koncepcja i opracowanie naukowe Monika Buława, Barbara Grabka, Renata Kucharczyk, Jadwiga Wronicz ; Polska Akademia Nauk. Instytut Języka Polskiego.
Verfasser:
Beteiligt: ; ; ;
Veröffentlicht: Kraków : Instytut Języka Polskiego PAN, 2025
Umfang: 399 Seiten : Illustrationen ; 25 cm
Format: Buch
Sprache: Polnisch
Schlagworte:
ISBN: 9788368198027 ; 836819802X
Buchumschlag
X
alg: 54013610
001A    $03004:05-12-25 
001B    $01999:28-03-26 $t12:04:21.000 
001D    $03004:12-02-26 
001U    $0utf8 
001X    $00 
002@    $0Aau 
002C    $aText $btxt $2rdacontent 
002D    $aohne Hilfsmittel zu benutzen $bn $2rdamedia 
002E    $aBand $bnc $2rdacarrier 
003@    $0540136107 
004A    $A978-83-68198-02-7 $f((oprawa twarda)) 
004A    $083-68198-02-X 
006C    $01535991055 $aOCoLC 
007A    $0540136107 $aHEB 
007G    $0 
009P    $qapplication/pdf $A2 $3Buch Bibliographie $uhttp://scans.hebis.de/HEBCGI/show.pl?54013610_bib.pdf $mV:DE-603;B:DE-Mb50 
009P    $qapplication/pdf $A2 $3Cover $uhttp://scans.hebis.de/HEBCGI/show.pl?54013610_cov.pdf $mV:DE-603;B:DE-Mb50 
009P    $qapplication/pdf $A2 $3Inhaltsverzeichnis $uhttp://scans.hebis.de/HEBCGI/show.pl?54013610_toc.pdf $mV:DE-603;B:DE-Mb50 
010@    $apol 
010E    $erda 
011@    $a2025 $n2025 
021A    $aSłownik dyalektyczny, czyli Zbiór wyrazów staropolskich i innych w potocznej mówie używanych na Śląsku w Księstwie Cieszyńskiém $hAndrzej Cinciała ; opracowany i uzupełniony z rękopisu autora przez zespół Pracowni Dialektologii Polskiej Instytutu Języka Polskiego PAN pod kierunkiem Barbary Grabki ; koncepcja i opracowanie naukowe Monika Buława, Barbara Grabka, Renata Kucharczyk, Jadwiga Wronicz ; Polska Akademia Nauk. Instytut Języka Polskiego. 
028A    $BZusammenstellender $#Cinciala, Andrzej $#Cinciała, Andrzéj $#Cieńciała, Andrzéj $#Cinciała, A. $4com $7123957508 $8Cinciała, Andrzej$Z1825-1898 [Tp1] $910593772X 
028C    $BZusammenstellender $#Majcher, Barbara $4com $71324067667 $8Grabka, Barbara [Tp3] $9516455311 
028C    $BZusammenstellender $#Buława, M. $4com $71067298576 $8Buława, Monika [Tp3] $9355474859 
028C    $BZusammenstellender $4com $7 $8Kucharczyk, Renata [Tnu] $9542135264 
028C    $BZusammenstellender $4com $7 $8Wronicz, Jadwiga [Tnx] $916374095X 
033A    $pKraków $nInstytut Języka Polskiego PAN 
034D    $a399 Seiten 
034I    $a25 cm 
034M    $aIllustrationen 
044A    $aSłownik dialektologiczny $2dbn $S#7 $N655 
044A    $aSłownik języka polskiego $2dbn $S#7 $N655 
044K    $8Teschener Schlesien [Tg1] $9485723581 
044K    $RLechisch $#Polish language $#Polonais (langue) $#Lingua polacca $#Lengua polaca $#Polnisch $#Polnische Sprache $74120314-8 $8Polnisch [Ts1] $9085383503 
044K    $RRegionalsprache $#Dialects $#Régionalismes (linguistique) $#Dialetti $#Dialekt Linguistik $#Regiolekt $#Mundarten $74040725-1 $8Mundart [Ts1] $9085111333 
045F    $a400 $eDDC23BSB 
045F/01 $a400 
045F/03 $g438 
047C    $aZbiór wyrazów staropolskich i innych w potocznej mówie używanych na Śląsku w Księstwie Cieszyńskiém 

lok: 54013610 24

exp: 54013610 24 1 #EPN
201B/01 $012-02-26 $t11:13:46.000 
201C/01 $005-12-25 
201U/01 $0utf8 
203@/01 $01328317439 
208@/01 $a12-02-26 $bz 
209A/01 $a26.00007 $du $f050 $h26 00007 $x00 
209C/01 $a26.00007 K $h26 00007 K 
209G/01 $a75145780 $x00 
220C/01 $ahae 
247C/01 $8358050-7 Marburg, Bibliothek des Herder-Instituts Marburg $9102600961 

lok: 54013610 78

exp: 54013610 78 1 #EPN
201B/01 $017-12-25 $t10:58:18.000 
201C/01 $017-12-25 
201U/01 $0utf8 
203@/01 $01329657179 
208@/01 $a17-12-25 $be 
209A/01 $a/ $f000 $x00 
209A/01 $ab*p $x01 
220C/01 $apgar 
244Z/01 $#Generalgouvernement Polen $#Polska $#Rzeczpospolita Polska $#Polska Rzeczpospolita Ludowa $#Poland $#Pologne $#République Polonaise $#Generalne Gubernatorstwo w Polsce $#Polish People's Republic $#Polska Rzeczpospolita Polen $#PRL $#RP $#Polen Generalgouvernement $#Polska Generalgouvernement $#Besetzte Polnische Gebiete $#Besetztes Gebiet in Polen $#Okupowane Polskie Obszary $#Obszary Okupowane w Polsce $#Volksrepublik Polen $#Polska Rosyjska $#Republic Polen $#Respublika Pol'ša $#Pol'skaja Narodnaja Respublika $#République de Pologne $#Polen Links der Weichsel $#Polska po Lewej Stronie Wisły $#Lenkija $#Polija $#Gubernija Carstva Pol'skago $#Republik Polen $74046496-9 $8--Tg1--Polen $x01 $9085129801 
244Z/01 $#Schlesien $#Schlesien $#Herzogtum Schlesien $#Herzogtum Schlesien Schlesien $#Provinz Schlesien $#Śla̜sk $#Slezsko $#Silesia $74052678-1 $8--Tg1--Schlesien $x02 $9085146781 
247C/01 $82080>Marburg/Lahn, Herder-Institut, Forschungsbibliothek, Bibliographieportal $9336309341
LEADER 00000cam a2200000 c 4500
001 540136107
003 DE-603
005 20260328120421.0
007 tu
008 251205s2025 xx |||| | u00||u|pol c
020 |a 9788368198027  |c ((oprawa twarda)) 
020 |a 836819802X 
035 |a (DE-599)HEB540136107 
040 |a DE-603  |b ger  |c DE-603  |d DE-603  |e rda 
041 |a pol 
082 0 4 |8 1\u  |a 400  |q DE-101  |2 23/BSB 
085 |8 1\u  |b 400 
085 |8 1\u  |z 2  |s 438 
100 1 |a Cinciała, Andrzej  |d 1825-1898  |e Zusammenstellender  |4 com  |0 (DE-603)10593772X  |0 (DE-588)123957508  |2 gnd 
245 0 0 |a Słownik dyalektyczny, czyli Zbiór wyrazów staropolskich i innych w potocznej mówie używanych na Śląsku w Księstwie Cieszyńskiém  |c Andrzej Cinciała ; opracowany i uzupełniony z rękopisu autora przez zespół Pracowni Dialektologii Polskiej Instytutu Języka Polskiego PAN pod kierunkiem Barbary Grabki ; koncepcja i opracowanie naukowe Monika Buława, Barbara Grabka, Renata Kucharczyk, Jadwiga Wronicz ; Polska Akademia Nauk. Instytut Języka Polskiego. 
246 1 0 |a Zbiór wyrazów staropolskich i innych w potocznej mówie używanych na Śląsku w Księstwie Cieszyńskiém 
264 1 |a Kraków  |b Instytut Języka Polskiego PAN  |c 2025 
300 |a 399 Seiten  |b Illustrationen  |c 25 cm 
336 |a Text  |b txt  |2 rdacontent 
337 |a ohne Hilfsmittel zu benutzen  |b n  |2 rdamedia 
338 |a Band  |b nc  |2 rdacarrier 
650 7 |a Polnisch  |0 (DE-588)4120314-8  |0 (DE-603)085383503  |2 gnd 
650 7 |a Mundart  |0 (DE-588)4040725-1  |0 (DE-603)085111333  |2 gnd 
651 7 |a Teschener Schlesien  |0 (DE-588)1241706174  |0 (DE-603)485723581  |2 gnd 
700 1 |a Grabka, Barbara  |e Zusammenstellender  |4 com  |0 (DE-603)516455311  |0 (DE-588)1324067667  |2 gnd 
700 1 |a Buława, Monika  |e Zusammenstellender  |4 com  |0 (DE-603)355474859  |0 (DE-588)1067298576  |2 gnd 
700 1 |a Kucharczyk, Renata  |e Zusammenstellender  |4 com  |0 (DE-603)542135264 
700 1 |a Wronicz, Jadwiga  |e Zusammenstellender  |4 com  |0 (DE-603)16374095X 
856 4 2 |m V:DE-603;B:DE-Mb50  |q application/pdf  |u http://scans.hebis.de/HEBCGI/show.pl?54013610_bib.pdf  |3 Buch Bibliographie 
856 4 2 |m V:DE-603;B:DE-Mb50  |q application/pdf  |u http://scans.hebis.de/HEBCGI/show.pl?54013610_cov.pdf  |3 Cover 
856 4 2 |m V:DE-603;B:DE-Mb50  |q application/pdf  |u http://scans.hebis.de/HEBCGI/show.pl?54013610_toc.pdf  |3 Inhaltsverzeichnis 
924 0 |9 Mb 50  |a (DE-603)1328317439  |b DE-Mb50  |c HES  |d c  |g 26.00007 
924 0 |9 2080  |a (DE-603)1329657179  |b DE-2080  |c HES  |d d  |g /